Detalles MARC
| 000 -LÍDER |
| Campo fijo de descripción fija |
02076cam a22003854a 4500 |
| 001 - NÚMERO DE CONTROL |
| Campo de control |
16593649 |
| 003 - IDENTIFICADOR DEL NÚMERO DE CONTROL |
| Campo de control |
CO-MdFUSB |
| 005 - FECHA Y HORA DE LA ULTIMA TRANSACCIÓN |
| control field |
20180412110422.0 |
| 008 - ELEMENTOS DE LONGITUD FIJA -- INFORMACIÓN GENERAL |
| Campo fijo de descripción fija -- Información general |
101229t2011 ilu g b 000 0 eng |
| 010 ## - NÚMERO DE CONTROL DE LA BIBLIOTECA DEL CONGRESO |
| Número de control LC |
2010052962 |
| 020 ## - NÚMERO INTERNACIONAL NORMALIZADO PARA LIBROS |
| Número Internacional Normalizado del libro |
9780830835461 (pbk. : alk. paper) |
| 040 ## - FUENTE DE CATALOGACIÓN |
| Agencia de catalogación original |
DLC |
| Agencia que realiza la modificación |
CO-MdFUSB |
| Idioma de catalogación |
spa |
| Agencia que realiza la transcripción |
CO-MdFUSB |
| Convenciones de la descripción |
rda |
| 041 ## - CÓDIGO DE IDIOMA |
| Código de idioma para texto/pista de sonido o título separado |
eng |
| 043 ## - GEOGRAPHIC AREA CODE |
| Geographic area code |
n-us-ca |
| 082 00 - NÚMERO DE CLASIFICACIÓN DECIMAL DEWEY |
| Número de la edición del Dewey |
24 |
| Número de clasificación |
G 253 |
| Clave de autor-Numero de item |
C284r |
| 100 1# - ASIENTO PRINCIPAL--NOMBRE PERSONAL |
| Nombre personal |
Carlson, Kent, |
| Fechas asociadas con el nombre |
1954- |
| Término relacionador |
autor |
| 242 10 - TRADUCCIÓN DEL TÍTULO POR AGENCIA CATALOGADORA |
| Título |
Renovación de la iglesia |
| Parte restante del título - Subtítulo |
: qué sucede cuando una iglesia buscadora descubre la formación espiritual |
| Idioma del título original |
Inglés |
| 245 10 - TÍTULO |
| Título del Material |
Renovation of the church |
| Parte restante del título - Subtitulo |
: what happens when a seeker church discovers spiritual formation |
| Mención de responsabilidad, etc. |
/ Kent Carlson y Mike Lueken. |
| 264 #1 - PRODUCCIÓN, PUBLICACIÓN, DISTRIBUCIÓN, MANUFACTURA, Y COPYRIGHT |
| Lugar de producción, publicación, distribución, manufactura |
Downer Gove, Illions : |
| Nombre del productor, publicador, distribuidor |
InterVarsity Press, |
| Fecha de producción, publicación, distribución, manufactura, o copyright |
℗2011 |
| 264 #4 - PRODUCCIÓN, PUBLICACIÓN, DISTRIBUCIÓN, MANUFACTURA, Y COPYRIGHT |
| Fecha de producción, publicación, distribución, manufactura, o copyright |
©2011 |
| 300 ## - DESCRIPCIÓN FÍSICA |
| Extensión |
184 páginas ; |
| Dimensiones |
21 cm. |
| Otros detalles físicos |
: |
| 336 ## - TIPO DE CONTENIDO |
| Fuente |
rdacontent |
| Término de tipo de contenido |
texto |
| Código de tipo de contenido |
txt |
| 337 ## - TIPO DE MEDIO |
| Fuente |
rdamedia |
| Nombre del tipo de medio |
sin mediación |
| Código del tipo de medio |
n |
| 338 ## - TIPO DE SOPORTE |
| Fuente |
rdacarrier |
| Nombre del tipo de soporte |
volumen |
| Código Tipo de soporte |
nc |
| 505 ## - NOTA DE CONTENIDO |
| Nota de contenido con formato preestablecido |
La creación del monstruo -- Decidir cambiar: el grupo donner -- Las claves de las transiciónes: unos pocos años difíciles -- Repensar el evangelio: la visión apasionante de la vida en el Reino de Dios -- Consumismo: hablar con los peces sobre el agua -- Dejando a un lado la ambición: el terreno necesario para el cambio -- Co-pastoreo: dos son mejores que uno -- Comprender a la iglesia: la comunión de los no formados -- Formación espiritual: ¿Realmente quieres ser sanado? -- Alcance: una pasión ardiente por el mundo -- Adorar: celebrar la historia de Dios -- Errores: después de una revisión más profunda -- Epílogo: una visión para el futuro -- Agradecimientos -- Notas |
| 563 ## - NOTA DE ENCUADERNACIÓN |
| Nota de encuadernación |
Rústica |
| 650 #0 - ASIENTO SECUNDARIO DE MATERIA - TERMINO TEMÁTICO |
| Término temático o nombre geográfico como elemento de entrada |
Reforma de la iglesia |
| 9 (RLIN) |
958 |
| 700 1# - ASIENTO SECUNDARIO - NOMBRE PERSONAL |
| Nombre personal |
Lueken, Mike, |
| Fechas asociadas con el nombre |
1964- |
| Responsabilidad |
autor |
| 720 ## - ASIENTO SECUNDARIO - NOMBRE NO CONTROLADO |
| Nombre |
Willard, Dallas |
| 906 ## - LOCAL DATA ELEMENT F, LDF (RLIN) |
| a |
7 |
| b |
cbc |
| c |
orignew |
| d |
1 |
| e |
ecip |
| f |
20 |
| g |
y-gencatlg |
| 942 ## - TIPO DE MATERIAL (KOHA) |
| Tipo de Item KOHA |
Libros General |